Her yönüyle Zara (Record no. 4383)

MARC details
000 -BAŞLIK
Sabit Uzunlukta Kontrol Alanı 00791na a2200277 4500
001 - KONTROL NUMARASI
Denetim Alanı 16508
003 - KONTROL NUMARASI IDENTIFIER
Denetim Alanı MIRAKIL
005 - SON İŞLEM TARİHİ VE ZAMANI
Denetim Alanı 20181213155004.0
008 - SABİT-BOY VERİ ELEMANLARI - GENEL BİLGİLER
Sabit Uzunlukta Kontrol Alanı 161012b tu 000 0
020 ## - ULUSLARARASI STANDART KİTAP NUMARASI
Uluslararası Standart Kitap Numarası 9786058617605
035 ## - SİSTEM KONTROL NUMARASI
Sistem Kontrol Numarası 16508
040 ## - KATALOGLAMA KAYNAK
Orijinal Kataloglama Ajansı Milas
Kataloglama Dili tur
Metne Dönüştürmek Ajansı TR-AnCHP
041 ## - DİL KODU
Metin / Ses Parça Veya Ayrı Başlığın Dil Kodu tur
082 ## - DEWEY ONLU SINIFLANDIRMA NUMARASI
Sınıflandırma Numarası 956.53519
Ürün Numarası A12h 2013
090 ## - SINIFLAMA NUMARASI
Sınıflama Numarası 956.53519 A12h 2013
100 ## - ANA GİRİŞ - KİŞİSEL İSİM
Kişisel Ad Acar, İsmail Hakkı
245 ## - BAŞLIK TABLOSU
Başlık Her yönüyle Zara
Sorumluluk Tablosu, Vb İsmail Hakkı Acar
260 ## - YAYIN, DAĞITIM, VB
Yayın, Dağıtım, Vb Yeri İstanbul
Yayıncı, Dağıtıcı, Vs Adı Anadolu Kültür Kitaplığı
Yayın, Dağıtım, Vb Tarihi 2013
300 ## - FİZİKSEL TANIM
Kapsam 264 s.
Diğer Fiziksel Ayrıntıları fotg.
Boyutlar 24 sm.
651 ## - KONU KATMA GİRİŞ - COĞRAFİ ADI
Coğrafi İsim Zara (Sivas)
Genel Alt Bölümü Gezi ve tanıtım
651 ## - KONU KATMA GİRİŞ - COĞRAFİ ADI
Coğrafi İsim Zara (Sivas)
Genel Alt Bölümü Sosyal yaşam ve gelenekler
651 ## - KONU KATMA GİRİŞ - COĞRAFİ ADI
Coğrafi İsim Zara (Sivas)
Genel Alt Bölümü Tarih
651 ## - KONU KATMA GİRİŞ - COĞRAFİ ADI
Coğrafi İsim Zara (Sivas)
Genel Alt Bölümü Halkbilim
651 ## - KONU KATMA GİRİŞ - COĞRAFİ ADI
Coğrafi İsim Sivas
Genel Alt Bölümü Tarih
Coğrafi Alt Bölümü Zara
942 ## - EKLENDİ GİRİŞ ELEMANLARI (KOHA)
Sınıflandırma Veya Raf Düzeni Kaynak Dewey Decimal Classification
Koha Öğesi Türü Books
999 ## - SİSTEM KONTROL NUMARALARI (KOHA)
Koha Biblionumber 4383
Koha Biblioitemnumber 4383
Holdings
Kalıcı Konum Mevcut Konum Edinme Tarihi Edinim Kaynak Toplam Check-Out'Lar Tam Çağrı Numarası Barkod Tarih Son Görülme İtibaren Geçerli Fiyatlar Koha Öğesi Türü
CHP Kütüphanesi CHP Kütüphanesi 10/07/2016 Bağış   956.53519 A12h 2013 006527 10/07/2016 10/07/2016 Books